| 000 | 00537cam a2200205 4500 | ||
|---|---|---|---|
| 001 | 14147 | ||
| 005 | 20230410102102.0 | ||
| 008 | 060907n1993 dr spa | ||
| 035 | _9funglode14269 | ||
| 041 | _aspa | ||
| 050 | 1 | 4 |
_a118 JX 1662 _bV634d 1993 |
| 082 | 0 | 0 |
_a327.2 _222 |
| 100 | 2 | _aVicioso Soto, Horacio | |
| 245 | 1 | 0 |
_aDiplomacia : _bciencia y arte / _cHoracio Vicioso Soto |
| 260 |
_aSanto Domingo : _bEFA Impresos, _c1993 |
||
| 300 | _a437 p. | ||
| 650 | 0 | _aDiplomacy. | |
| 610 | 2 | 0 | _aUnited Nations. |
| 942 |
_2lcc _cbk |
||
| 999 |
_c18741 _d18741 |
||